EFL League Two Teams 2021/22 - Statistics

General Stats
  • This quiz has been taken 77 times
    58 since last reset
  • The average score is 15 of 24
Answer Stats
Answer % Correct
Forest Green Rovers
83%
Bristol Rovers
73%
Mansfield Town
73%
Northampton Town
73%
Oldham Athletic
73%
Bradford City
70%
Hartlepool United
70%
Newport County
70%
Rochdale
70%
Swindon Town
70%
Exeter City
67%
Leyton Orient
67%
Port Vale
67%
Barrow
63%
Carlisle United
60%
Scunthorpe United
60%
Tranmere Rovers
60%
Colchester United
57%
Salford City
57%
Stevenage
53%
Sutton United
50%
Walsall
43%
Harrogate Town
37%
Crawley Town
33%
No matching quizzes found
Score Distribution
Percent of People with Each Score
Percentile by Number Answered
Your Score History
You have not taken this quiz since the last reset